00536ntaaa2200169 45000030003000000050017000030080021000200400037000410820017000782450076000952500010001712600049001813000010002305000088002406500016003287000022003440120251027202213.00714s1973 ag 01  aAR-BaBNbspacAR-BaBNeaacrdRIC a267.6120 J62 aA brief history of the international fellowship of evangelical students a1 ed. aLondon : bInter-Varsity Fellowship, cc1964 a189 p aEstudio histórico de la organización internacional de estudiantes evangélicos aestudiantes aJohnson, Douglas